Bilecik Bilecik Bilecik Bilecik Bilecik

Doğu Akdeniz Bölgesindeki ağaçlandırmalarda kullanılabilecek bazı yapraklı türlerin tohumla üretilmesi/ (Record no. 30637)

MARC details
000 -BAŞLIK
Sabit Uzunluktaki Kontrol Alanı 01347nam a22003857a 4500
001 - KONTROL NUMARASI
Control Dosyası 0030717
003 - KONTROL NUMARASI KİMLİĞİ
Kontrol Alanı KOHA_MİRAKIL
005 - EN SON İŞLEM TARİHİ ve ZAMANI
Kontrol Alanı 20260207002738.0
007 - FİZİKSEL TANIM SABİT ALAN - GENEL BİLGİ
Sabit uzunluklu kontrol alanı ta
008 - SABİT UZUNLUKTAKİ VERİ ÖGELERİ - GENEL BİLGİ
Sabit Alan 110705b2009 tu a|||grn|||#0|||0|tur |
020 ## - ISBN - ULUSLARARASI STANDART KİTAP NUMARASI
Isbn 9786053930549
040 ## - KATALOGLAMA KAYNAĞI
Özgün Kataloglama Kurumu TR-BiSEU
Kataloglama Dili tur
Çeviri Kurumu TR-BiSEU
Açıklama Kuralları rda
041 0# - DİL KODU
Metin ya da ses kaydının dil kodu tur
044 ## - YAYINLAYAN/ÜRETEN KURULUŞUN ÜLKE KODU
ISO country code tu
050 ## - SINIFLAMA ve YER NUMARASI
Sınıflama Numarası SD409
Yer Numarası .D64 2009
245 0# - ESER ADI BİLDİRİMİ
Başlık Doğu Akdeniz Bölgesindeki ağaçlandırmalarda kullanılabilecek bazı yapraklı türlerin tohumla üretilmesi/
Sorumluluk Bildirimi A. Haluk Türker...[ve bşk.].
264 #1 - ÜRERİM, YAYIN, DAĞITIM ve TELİF BİLDİRİMİ
Yayın yeri Tarsus :
Yayınlayan Çevre ve Orman Bakanlığı Doğu Akdeniz Ormancılık Araştırma Enstitüsü
Yayın tarihi 2009
300 ## - FİZİKSEL TANIMLAMA
Sayfa, Cilt vb. ix, 93 sayfa :
Diğer fiziki detaylar res., tbl. ;
Boyutları 24 cm.
336 ## - İÇERİK TÜRÜ
Content type term metin
Content type code txt
Source rdacontent
337 ## - MEDYA TÜRÜ
Media type term aracısız
Media type code n
Source rdamedia
338 ## - TAŞIYICI TÜRÜ
Carrier type term cilt
Carrier type code nc
Source rdacarrier
490 1# - DİZİ BİLDİRİMİ
Dizi Bildirimi Çevre ve Orman Bakanlığı yayın no ;
Cilt Numarası 390.
490 1# - DİZİ BİLDİRİMİ
Dizi Bildirimi DOA yayın no ;
Cilt Numarası 55.
490 1# - DİZİ BİLDİRİMİ
Dizi Bildirimi Teknik Bülten no ;
Cilt Numarası 33.
500 ## - GENEL NOT
Genel Not Kaynakça var.
650 #0 - KONU BAŞLIĞI EK GİRİŞ - KONU TERİMİ
Konusal terim veya coğrafi ad Ağaçlandırma.
9 (RLIN) 60526
650 #0 - KONU BAŞLIĞI EK GİRİŞ - KONU TERİMİ
Konusal terim veya coğrafi ad Afforestation.
9 (RLIN) 60527
650 #0 - KONU BAŞLIĞI EK GİRİŞ - KONU TERİMİ
Konusal terim veya coğrafi ad Ormanlar ve ormancılık.
9 (RLIN) 25389
650 #0 - KONU BAŞLIĞI EK GİRİŞ - KONU TERİMİ
Konusal terim veya coğrafi ad Forests and forestry.
9 (RLIN) 25387
830 1# - SERİ EK GİRİŞİ - TEKBİÇİM ESER ADI
Tekbiçim Başlık Çevre ve Orman Bakanlığı yayın no ;
Volume number/sequential designation 390.
9 (RLIN) 60528
830 1# - SERİ EK GİRİŞİ - TEKBİÇİM ESER ADI
Tekbiçim Başlık DOA yayın no ;
Volume number/sequential designation 55.
9 (RLIN) 60529
830 1# - SERİ EK GİRİŞİ - TEKBİÇİM ESER ADI
Tekbiçim Başlık Teknik Bülten no ;
Volume number/sequential designation 33.
9 (RLIN) 60530
907 ## - LOCAL DATA ELEMENT G, LDG (RLIN)
a Araştırma
942 ## - EK GİRİŞ ÖGELERİ (KOHA)
Source of classification or shelving scheme Library of Congress Classification
Koha item type Book
Holdings
Materyal Türü Kalıcı Konum Mevcut Konum Raf Yeri Sınıflandırma Kaynağı Edinim Bilgisi Ana Konular Alt Konular Yer Numarası Demirbaş Numarası Fatura Tarihi Geri Çekilme Durumu Kayıp Durumu Hasarlı Durumu Kredi için değil Kayıt Tarih Toplam Ödünçverme Son Görülme Tarihi Son Kontrol Tarihi Genel / Bağış Notu
Book Prof. Dr. Azmi Özcan Kütüphanesi Prof. Dr. Azmi Özcan Kütüphanesi Birûni Salonu Library of Congress Classification Bağış TARIM Ormancılık SD409 .D64 2009 0030717 02/02/2026         05/07/2011   05/12/2024 05/12/2024 Genel Bağış